[Event "Titled Tuesday intern op 11th Aug"]
[Site "Chess.com INT"]
[Date "2020.08.11"]
[Round "10"]
[White "Nguyen, Quoc Hy"]
[Black "Thipsay, Praveen Mahadeo"]
[Result "1-0"]
[WhiteElo "2242"]
[BlackElo "2376"]
[PlyCount "81"]
[EventDate "2020.08.11"]
[EventType "swiss (blitz)"]
[EventRounds "10"]
[EventCountry "USA"]
[SourceTitle "CBM 197 Extra"]
[Source "ChessBase"]
[SourceDate "2020.09.30"]
[SourceVersion "1"]
[SourceVersionDate "2020.09.30"]
[SourceQuality "1"]

1. d4 Nf6 2. c4 g6 3. Nc3 Bg7 4. e4 d6 5. Bd3 e5 6. d5 c5 7. dxc6 Nxc6 8. Nge2 0-0 9. 0-0 Be6 10. Nd5 Bxd5 11. exd5 Ne7 12. Nc3 Nd7 13. Ne4 Nc8 14. Bd2 h6 15. Bb4 Qb6 16. Qa4 f5 17. Nc3 Nf6 18. Rab1 e4 19. Be2 f4 20. Qb5 Qd8 21. Qxb7 Ne7 22. c5 Rb8 23. Qxa7 Rxb4 24. c6 Nexd5 25. Nxd5 Nxd5 26. a3 Rd4 27. Rfd1 Rd2 28. Rxd2 Nc7 29. Rbd1 f3 30. Rxd6 Qg5 31. Bc4+ Kh8 32. g3 Nb5 33. Bxb5 Qxb5 34. Qe3 Qf5 35. Qe1 h5 36. Rd8 h4 37. Rxf8+ Bxf8 38. c7 hxg3 39. hxg3 Kg7 40. Rc1 Qc8 41. Qxe4 1-0

[Event "Titled Tuesday intern op 11th Aug"]
[Site "Chess.com INT"]
[Date "2020.08.11"]
[Round "8"]
[White "Soderstrom, Adrian"]
[Black "Thipsay, Praveen Mahadeo"]
[Result "1-0"]
[WhiteElo "2168"]
[BlackElo "2376"]
[PlyCount "67"]
[EventDate "2020.08.11"]
[EventType "swiss (blitz)"]
[EventRounds "10"]
[EventCountry "USA"]
[SourceTitle "CBM 197 Extra"]
[Source "ChessBase"]
[SourceDate "2020.09.30"]
[SourceVersion "1"]
[SourceVersionDate "2020.09.30"]
[SourceQuality "1"]

1. d4 Nf6 2. c4 g6 3. Nc3 Bg7 4. e4 d6 5. Be2 0-0 6. Be3 Nbd7 7. g4 e5 8. d5 Nc5 9. Bf3 a5 10. h4 c6 11. g5 Ne8 12. dxc6 Ne6 13. cxb7 Bxb7 14. Nge2 f6 15. Bg4 f5 16. Bh3 a4 17. Nd5 a3 18. b3 Nf4 19. Nexf4 exf4 20. Bxf4 fxe4 21. Be6+ Kh8 22. h5 Bxd5 23. Bxd5 Rxf4 24. hxg6 Bc3+ 25. Ke2 Ra7 26. Qc1 Be5 27. Qe3 Rg7 28. Rh5 Rxg6 29. Rah1 Qe7 30. Qh3 Rg7 31. g6 Rxf2+ 32. Kxf2 Qf6+ 33. Rf5 Qxg6 34. Rf8+ 1-0

[Event "Titled Tuesday intern op 11th Aug"]
[Site "Chess.com INT"]
[Date "2020.08.11"]
[Round "7"]
[White "Thipsay, Praveen Mahadeo"]
[Black "Belenkaya, Dina"]
[Result "1-0"]
[WhiteElo "2376"]
[BlackElo "2297"]
[PlyCount "67"]
[EventDate "2020.08.11"]
[EventType "swiss (blitz)"]
[EventRounds "10"]
[EventCountry "USA"]
[SourceTitle "CBM 197 Extra"]
[Source "ChessBase"]
[SourceDate "2020.09.30"]
[SourceVersion "1"]
[SourceVersionDate "2020.09.30"]
[SourceQuality "1"]

1. e4 d5 2. exd5 Qxd5 3. Nc3 Qa5 4. b4 Qxb4 5. Rb1 Qd6 6. Nf3 c6 7. Bc4 Nf6 8. 0-0 e6 9. a4 Be7 10. Rb3 0-0 11. Qe2 b6 12. Rd1 Bb7 13. d4 Qc7 14. Ne5 Nbd7 15. Bf4 Bd6 16. Rd3 Rae8 17. Rg3 Kh8 18. Rb1 c5 19. Nb5 Qb8 20. Nxd7 Bxf4 21. Nxb8 Bxg3 22. hxg3 Rxb8 23. Nd6 Bc6 24. dxc5 Bxa4 25. cxb6 axb6 26. Ra1 Bc6 27. Ra7 Nd7 28. Bb5 Bxb5 29. Qxb5 Nc5 30. Nxf7+ Kg8 31. Ne5 Rf5 32. Qb2 Ne4 33. Nc6 Rbf8 34. Qxg7# 1-0

[Event "Titled Tuesday intern op 11th Aug"]
[Site "Chess.com INT"]
[Date "2020.08.11"]
[Round "5"]
[White "Thipsay, Praveen Mahadeo"]
[Black "Nguyen, Thi Thanh An"]
[Result "0-1"]
[WhiteElo "2376"]
[BlackElo "2285"]
[PlyCount "86"]
[EventDate "2020.08.11"]
[EventType "swiss (blitz)"]
[EventRounds "10"]
[EventCountry "USA"]
[SourceTitle "CBM 197 Extra"]
[Source "ChessBase"]
[SourceDate "2020.09.30"]
[SourceVersion "1"]
[SourceVersionDate "2020.09.30"]
[SourceQuality "1"]

1. e4 c6 2. d4 d5 3. Nc3 dxe4 4. Nxe4 Bf5 5. Ng3 Bg6 6. Nf3 Nd7 7. Bd3 Bxd3 8. Qxd3 Ngf6 9. 0-0 e6 10. b3 Bd6 11. Bb2 0-0 12. c4 Re8 13. Rad1 Qc7 14. Rfe1 Rad8 15. Qe2 Bb4 16. Rf1 Bd6 17. Ne4 Be7 18. Neg5 h6 19. Nxe6 fxe6 20. Qxe6+ Kh8 21. Nh4 Nf8 22. Qh3 Qd7 23. Nf5 Bb4 24. d5 N8h7 25. d6 Ng5 26. Qd3 Nge4 27. Ne7 Qxd6 28. Ng6+ Kh7 29. Qc2 Qe6 30. Rxd8 Rxd8 31. Bxf6 Qxf6 32. Qxe4 Qxg6 33. Qf3 Rf8 34. Qe2 Bd6 35. g3 Bc5 36. Kg2 Re8 37. Qd2 Qe4+ 38. Kh3 Re5 39. f3 Qe2 40. Qxe2 Rxe2 41. Rd1 Rxa2 42. Rd7 b6 43. Kg4 a5 0-1

[Event "Titled Tuesday intern op 4th Aug 10am"]
[Site "Chess.com INT"]
[Date "2020.08.04"]
[Round "3"]
[White "Christensen, Thomas1111"]
[Black "Thipsay, Praveen Mahadeo"]
[Result "0-1"]
[WhiteElo "2142"]
[BlackElo "2376"]
[PlyCount "56"]
[EventDate "2020.08.04"]
[EventType "swiss (blitz)"]
[EventRounds "10"]
[EventCountry "USA"]
[SourceTitle "CBM 197 Extra"]
[Source "ChessBase"]
[SourceDate "2020.09.30"]
[SourceVersion "1"]
[SourceVersionDate "2020.09.30"]
[SourceQuality "1"]

1. d4 Nf6 2. Nc3 d5 3. e4 dxe4 4. f3 exf3 5. Nxf3 e6 6. Bd3 c5 7. dxc5 Bxc5 8. Bg5 0-0 9. Qd2 Nbd7 10. 0-0-0 Qa5 11. Qf4 Bb4 12. Ne4 Nd5 13. Qh4 f5 14. Bd2 fxe4 15. Qxe4 N7f6 16. Qh4 Bxd2+ 17. Rxd2 Qxa2 18. c3 b5 19. Bb1 Qa4 20. Rd4 Qa5 21. Re1 b4 22. Ng5 h6 23. Nxe6 Bxe6 24. Rxe6 bxc3 25. b3 Qa3+ 26. Kc2 Qb2+ 27. Kd3 Qxb1+ 28. Kc4 Rac8+ 0-1

[Event "Titled Tuesday intern op 4th Aug 10am"]
[Site "Chess.com INT"]
[Date "2020.08.04"]
[Round "9"]
[White "Jaracz, Pawel"]
[Black "Thipsay, Praveen Mahadeo"]
[Result "1-0"]
[WhiteElo "2456"]
[BlackElo "2376"]
[PlyCount "85"]
[EventDate "2020.08.04"]
[EventType "swiss (blitz)"]
[EventRounds "10"]
[EventCountry "USA"]
[SourceTitle "CBM 197 Extra"]
[Source "ChessBase"]
[SourceDate "2020.09.30"]
[SourceVersion "1"]
[SourceVersionDate "2020.09.30"]
[SourceQuality "1"]

1. d4 Nf6 2. c4 g6 3. Nc3 Bg7 4. e4 d6 5. Be2 0-0 6. Be3 e5 7. d5 a5 8. g4 Na6 9. g5 Nd7 10. h4 f5 11. gxf6 Nxf6 12. h5 gxh5 13. Bxh5 Nc5 14. Bf3 c6 15. Qe2 cxd5 16. cxd5 b5 17. Bxc5 dxc5 18. Nxb5 a4 19. Qc2 Qa5+ 20. Nc3 a3 21. b3 Rb8 22. Nge2 c4 23. 0-0 cxb3 24. axb3 Ba6 25. Rfd1 Rbc8 26. Qd2 Qc5 27. Kg2 Rf7 28. Rdc1 Qf8 29. Ng3 Bh6 30. Qd1 Bxc1 31. Rxc1 Ne8 32. Nf5 Rxf5 33. exf5 Kh8 34. Ne4 Nd6 35. Rxc8 Bxc8 36. Nxd6 Qxd6 37. Be4 Bb7 38. f3 Qb4 39. Qc2 Qd4 40. f6 Qb2 41. d6 Bxe4 42. Qxb2 axb2 43. d7 1-0

[Event "Leon blitz op 33rd"]
[Site "Chess.com INT"]
[Date "2020.07.14"]
[Round "3"]
[White "Kamsky, Gata"]
[Black "Thipsay, Praveen Mahadeo"]
[Result "1-0"]
[WhiteElo "2674"]
[BlackElo "2376"]
[PlyCount "91"]
[EventDate "2020.07.14"]
[EventType "swiss (blitz)"]
[EventRounds "10"]
[EventCountry "ESP"]
[SourceTitle "CBM 197 Extra"]
[Source "ChessBase"]
[SourceDate "2020.09.30"]
[SourceVersion "1"]
[SourceVersionDate "2020.09.30"]
[SourceQuality "1"]

1. d4 Nf6 2. Nf3 g6 3. c3 d6 4. Bg5 Bg7 5. Nbd2 0-0 6. e4 Nbd7 7. Bd3 c5 8. d5 Rb8 9. a4 b6 10. 0-0 a6 11. Qe2 b5 12. axb5 axb5 13. Bxb5 h6 14. Bh4 Nh5 15. Rfe1 Ne5 16. Nxe5 Bxe5 17. Bg3 Nxg3 18. hxg3 Qb6 19. Bd3 Bg7 20. Nc4 Qc7 21. Ra2 h5 22. Rea1 Bg4 23. Qe3 Kh7 24. Ra7 Rb7 25. Rxb7 Qxb7 26. Qd2 Ra8 27. Qc1 Rxa1 28. Qxa1 Qb3 29. Ne3 Bh6 30. Bc4 Qb8 31. Nxg4 hxg4 32. b3 Bg7 33. Qd1 Qc8 34. Qa1 Qb8 35. Kf1 Be5 36. Ke2 Kg7 37. Kd3 f5 38. exf5 gxf5 39. f4 gxf3 40. gxf3 Qe8 41. f4 Bf6 42. Qh1 Qg6 43. Qh3 Qh7 44. Qxh7+ Kxh7 45. b4 cxb4 46. cxb4 1-0

[Event "Leon blitz op 33rd"]
[Site "Chess.com INT"]
[Date "2020.07.14"]
[Round "2"]
[White "Suvrajit, Saha"]
[Black "Thipsay, Praveen Mahadeo"]
[Result "0-1"]
[WhiteElo "2198"]
[BlackElo "2376"]
[PlyCount "108"]
[EventDate "2020.07.14"]
[EventType "swiss (blitz)"]
[EventRounds "10"]
[EventCountry "ESP"]
[SourceTitle "CBM 197 Extra"]
[Source "ChessBase"]
[SourceDate "2020.09.30"]
[SourceVersion "1"]
[SourceVersionDate "2020.09.30"]
[SourceQuality "1"]

1. c4 g6 2. d4 Bg7 3. e4 d6 4. Nf3 Nf6 5. Nc3 0-0 6. Be2 e5 7. 0-0 Nc6 8. d5 Ne7 9. Ne1 Nd7 10. Be3 f5 11. f3 f4 12. Bf2 g5 13. a4 Rf6 14. a5 a6 15. Nd3 Ng6 16. c5 Bf8 17. c6 Nb8 18. Nb4 Ne7 19. Rc1 bxc6 20. dxc6 Rh6 21. Kh1 Kh8 22. Ncd5 Be6 23. Nxe7 Qxe7 24. Nd5 Qf7 25. Bg1 Rg6 26. Qb3 g4 27. fxg4 h5 28. gxh5 Rg8 29. Bf3 Bh6 30. Qb7 Nxc6 31. Qxc6 Rac8 32. b4 Bg4 33. Qc3 Qxh5 34. Bxg4 Qxg4 35. Qf3 Qg7 36. Rc2 c6 37. Nb6 Rc7 38. Rfc1 Qh7 39. Rxc6 Rcg7 40. Rxd6 Rxg2 41. Qxg2 Rxg2 42. Kxg2 Qxe4+ 43. Kf1 Qf3+ 44. Ke1 Qe4+ 45. Kd1 Qf3+ 46. Kc2 Qe4+ 47. Kb2 Qxb4+ 48. Ka2 Qxa5+ 49. Kb3 Qb5+ 50. Kc3 Bg7 51. Rd8+ Kh7 52. Rd7 e4+ 53. Bd4 Qxb6 54. Rxg7+ Kh6 0-1

[Event "Leon blitz op 33rd"]
[Site "Chess.com INT"]
[Date "2020.07.14"]
[Round "7"]
[White "Thipsay, Praveen Mahadeo"]
[Black "Elgersma, Onno"]
[Result "1/2-1/2"]
[WhiteElo "2376"]
[BlackElo "2298"]
[PlyCount "117"]
[EventDate "2020.07.14"]
[EventType "swiss (blitz)"]
[EventRounds "10"]
[EventCountry "ESP"]
[SourceTitle "CBM 197 Extra"]
[Source "ChessBase"]
[SourceDate "2020.09.30"]
[SourceVersion "1"]
[SourceVersionDate "2020.09.30"]
[SourceQuality "1"]

1. e4 c6 2. d4 d5 3. Nc3 dxe4 4. Nxe4 Nf6 5. Nxf6+ exf6 6. Nf3 Bd6 7. Be2 0-0 8. 0-0 Bg4 9. h3 Bh5 10. Nh4 Bg6 11. Nxg6 hxg6 12. Bc4 Nd7 13. Qg4 Kh7 14. c3 f5 15. Qf3 Nf6 16. Bg5 Qc7 17. Bxf6 gxf6 18. h4 Kg7 19. Rfe1 Rae8 20. h5 a5 21. hxg6 fxg6 22. Re2 Rxe2 23. Qxe2 Bh2+ 24. Kf1 Bd6 25. Re1 Rh8 26. g3 Rh1+ 27. Kg2 Rxe1 28. Qxe1 Qe7 29. Qxe7+ Bxe7 30. f4 Bd6 31. Be6 Bc7 32. Kf3 g5 33. Bxf5 gxf4 34. gxf4 Kf7 35. Bc8 b6 36. Bb7 c5 37. dxc5 bxc5 38. Ke4 Ke6 39. f5+ Kd6 40. a4 Bb6 41. Bd5 Bd8 42. Bf7 Be7 43. Kd3 Bf8 44. Kc4 Kc6 45. Be8+ Kb6 46. Kd5 Bh6 47. Ke6 Bg5 48. Bb5 Bh4 49. Kf7 Bg5 50. Ke6 Bh4 51. Kd5 Bg5 52. Kc4 Bc1 53. b4 cxb4 54. cxb4 axb4 55. Kxb4 Bd2+ 56. Kc4 Ka5 57. Kd5 Bc3 58. Ke6 Ba1 59. Kf7 1/2-1/2

[Event "Leon blitz op 33rd"]
[Site "Chess.com INT"]
[Date "2020.07.14"]
[Round "6"]
[White "Vaibhav, Suri"]
[Black "Thipsay, Praveen Mahadeo"]
[Result "1-0"]
[WhiteElo "2600"]
[BlackElo "2376"]
[PlyCount "111"]
[EventDate "2020.07.14"]
[EventType "swiss (blitz)"]
[EventRounds "10"]
[EventCountry "ESP"]
[SourceTitle "CBM 197 Extra"]
[Source "ChessBase"]
[SourceDate "2020.09.30"]
[SourceVersion "1"]
[SourceVersionDate "2020.09.30"]
[SourceQuality "1"]

1. b3 g6 2. Bb2 Nf6 3. Bxf6 exf6 4. d4 f5 5. g3 Bg7 6. Bg2 0-0 7. e3 d5 8. Ne2 c6 9. 0-0 Nd7 10. Nd2 Nf6 11. c4 Be6 12. Nf4 Qd7 13. Rc1 Bh6 14. Nd3 Ne4 15. Nf3 Bg7 16. Qc2 Qe7 17. Rfd1 Rac8 18. Nf4 Qd6 19. h4 Rfd8 20. cxd5 Bxd5 21. Nxd5 Qxd5 22. Ng5 Re8 23. Qc4 Qxc4 24. bxc4 Nxg5 25. hxg5 Bf8 26. Rb1 b6 27. a4 c5 28. d5 Bd6 29. Bh3 Rb8 30. Rb3 Re4 31. Rc1 Kf8 32. Rc2 Ree8 33. f4 Re7 34. Kf2 Rbe8 35. Kf3 Bc7 36. Bf1 Rd8 37. Rh2 Kg8 38. Bh3 Kg7 39. g4 fxg4+ 40. Bxg4 Rh8 41. e4 h5 42. gxh6+ Rxh6 43. Rxh6 Kxh6 44. e5 Re8 45. d6 Bd8 46. Rb1 Kg7 47. Rg1 Rh8 48. Ke4 Kf8 49. Kd5 Rh2 50. Kc6 Bh4 51. Rf1 Ra2 52. Rh1 g5 53. f5 Rxa4 54. e6 Rxc4 55. e7+ Ke8 56. f6 1-0

[Event "Titled Tuesday intern op 30th June"]
[Site "Chess.com INT"]
[Date "2020.06.30"]
[Round "9"]
[White "Maly, Alexey"]
[Black "Thipsay, Praveen Mahadeo"]
[Result "0-1"]
[WhiteElo "2371"]
[BlackElo "2376"]
[PlyCount "106"]
[EventDate "2020.06.30"]
[EventType "swiss (blitz)"]
[EventRounds "10"]
[EventCountry "USA"]
[SourceTitle "CBM 197 Extra"]
[Source "ChessBase"]
[SourceDate "2020.09.30"]
[SourceVersion "1"]
[SourceVersionDate "2020.09.30"]
[SourceQuality "1"]

1. d4 Nf6 2. c4 g6 3. Nc3 Bg7 4. e4 d6 5. Be2 0-0 6. Nf3 e5 7. 0-0 Nc6 8. d5 Ne7 9. Ne1 Nd7 10. Be3 f5 11. f3 f4 12. Bf2 g5 13. a4 Rf6 14. a5 a6 15. b4 Rh6 16. c5 Bf8 17. Rc1 Ng6 18. c6 Nf6 19. cxb7 Bxb7 20. b5 axb5 21. Nxb5 g4 22. Nxc7 g3 23. hxg3 fxg3 24. Bxg3 Nh5 25. Ne6 Qxa5 26. Bf2 Ngf4 27. g3 Nxe2+ 28. Qxe2 Ba6 29. Qe3 Rg6 30. Nd3 Bh6 31. Qe2 Nxg3 32. Bxg3 Rxg3+ 33. Kh2 Rg6 34. Ra1 Qb5 35. Rg1 Rc8 36. Rxg6+ hxg6 37. Qg2 Kf7 38. Nb4 Rh8 39. Kg3 Qxb4 40. Rxa6 Bf4+ 41. Nxf4 Qe1+ 42. Qf2 exf4+ 43. Kg2 Rh2+ 44. Kxh2 Qxf2+ 45. Kh1 Qxf3+ 46. Kh2 Qg3+ 47. Kh1 Qe1+ 48. Kg2 Qe2+ 49. Kh3 Qxa6 50. e5 dxe5 51. d6 Qxd6 52. Kg4 Qd1+ 53. Kg5 Qh5# 0-1

[Event "Titled Tuesday intern op 30th June"]
[Site "Chess.com INT"]
[Date "2020.06.30"]
[Round "5"]
[White "Thipsay, Praveen Mahadeo"]
[Black "Manu David, Suthandram R"]
[Result "0-1"]
[WhiteElo "2376"]
[BlackElo "2360"]
[PlyCount "108"]
[EventDate "2020.06.30"]
[EventType "swiss (blitz)"]
[EventRounds "10"]
[EventCountry "USA"]
[SourceTitle "CBM 197 Extra"]
[Source "ChessBase"]
[SourceDate "2020.09.30"]
[SourceVersion "1"]
[SourceVersionDate "2020.09.30"]
[SourceQuality "1"]

1. e4 c5 2. Nf3 Nc6 3. d4 cxd4 4. Nxd4 e5 5. Nb5 d6 6. c4 Nf6 7. N1c3 a6 8. Na3 Be6 9. Be2 Rc8 10. Be3 Na5 11. 0-0 Nxc4 12. Nxc4 Bxc4 13. Bxc4 Rxc4 14. Bg5 Be7 15. Bxf6 Bxf6 16. Qd3 Rd4 17. Qe2 0-0 18. Rfd1 g6 19. Nd5 Bg7 20. Rac1 Kh8 21. h3 f5 22. Rxd4 exd4 23. exf5 Rxf5 24. Qe6 Rf8 25. Rc7 d3 26. Rd7 d2 27. Ne3 Qg5 28. Qxd6 Qa5 29. Qxd2 Qxa2 30. Rxb7 a5 31. Rd7 Qb1+ 32. Nd1 Qf5 33. Rd8 h5 34. Rxf8+ Bxf8 35. Ne3 Qb5 36. Nd5 Bg7 37. Ne7 Kh7 38. Qd6 Qg5 39. b3 Be5 40. Qxg6+ Qxg6 41. Nxg6 Kxg6 42. Kf1 Kf5 43. Ke2 Ke4 44. g3 Bc7 45. f3+ Kd4 46. f4 Kc3 47. Kf3 Kxb3 48. g4 hxg4+ 49. hxg4 a4 50. g5 Bd6 51. f5 a3 52. g6 Be5 53. Ke4 Bf6 54. Kd5 a2 0-1

[Event "Titled Tuesday intern op 23rd June"]
[Site "Chess.com INT"]
[Date "2020.06.23"]
[Round "4"]
[White "Ivic, Velimir"]
[Black "Thipsay, Praveen Mahadeo"]
[Result "0-1"]
[WhiteElo "2548"]
[BlackElo "2376"]
[PlyCount "54"]
[EventDate "2020.06.23"]
[EventType "swiss (blitz)"]
[EventRounds "10"]
[EventCountry "USA"]
[SourceTitle "CBM 197 Extra"]
[Source "ChessBase"]
[SourceDate "2020.09.30"]
[SourceVersion "1"]
[SourceVersionDate "2020.09.30"]
[SourceQuality "1"]

1. e4 e5 2. Nf3 Nc6 3. Bb5 a6 4. Ba4 Nf6 5. 0-0 Be7 6. d3 b5 7. Bb3 0-0 8. a4 Rb8 9. axb5 axb5 10. Nc3 d6 11. Nd5 Nxd5 12. Bxd5 Bd7 13. c3 Bf6 14. Be3 Ne7 15. Ba7 Nxd5 16. Bxb8 Nf4 17. Ba7 c5 18. d4 Qc7 19. dxc5 dxc5 20. Bxc5 Bh3 21. Bxf8 Bxg2 22. Ra8 Qb7 23. Qa1 h6 24. Nd2 Bxe4 25. Nxe4 Qxe4 26. Bc5+ Kh7 27. Qb1 Ne2# 0-1

[Event "Titled Tuesday intern op 23rd June"]
[Site "Chess.com INT"]
[Date "2020.06.23"]
[Round "2"]
[White "Thipsay, Praveen Mahadeo"]
[Black "Makarian, Rudik"]
[Result "1/2-1/2"]
[WhiteElo "2376"]
[BlackElo "2442"]
[PlyCount "47"]
[EventDate "2020.06.23"]
[EventType "swiss (blitz)"]
[EventRounds "10"]
[EventCountry "USA"]
[SourceTitle "CBM 197 Extra"]
[Source "ChessBase"]
[SourceDate "2020.09.30"]
[SourceVersion "1"]
[SourceVersionDate "2020.09.30"]
[SourceQuality "1"]

1. e4 e5 2. Nf3 Nc6 3. Bb5 Nf6 4. 0-0 Nxe4 5. Re1 Nd6 6. Nxe5 Be7 7. Nc3 Nxe5 8. Rxe5 0-0 9. Bd3 Bf6 10. Re2 c6 11. b3 Re8 12. Bb2 g6 13. Qf1 Rxe2 14. Qxe2 Ne8 15. Re1 Kf8 16. Ba3+ d6 17. Ne4 Be7 18. Bb2 Be6 19. Qe3 d5 20. Nc5 Bc8 21. Qh6+ Kg8 22. Qe3 Kf8 23. Qh6+ Kg8 24. Qe3 1/2-1/2

[Event "Titled Tuesday intern op 23rd June"]
[Site "Chess.com INT"]
[Date "2020.06.23"]
[Round "7"]
[White "Thipsay, Praveen Mahadeo"]
[Black "Mickiewicz, Piotr"]
[Result "1-0"]
[WhiteElo "2376"]
[BlackElo "2186"]
[PlyCount "53"]
[EventDate "2020.06.23"]
[EventType "swiss (blitz)"]
[EventRounds "10"]
[EventCountry "USA"]
[SourceTitle "CBM 197 Extra"]
[Source "ChessBase"]
[SourceDate "2020.09.30"]
[SourceVersion "1"]
[SourceVersionDate "2020.09.30"]
[SourceQuality "1"]

1. e4 c6 2. d4 d5 3. exd5 cxd5 4. c4 Nf6 5. Nc3 e6 6. Nf3 Be7 7. c5 b6 8. b4 0-0 9. Bf4 a5 10. a3 Ne4 11. Na4 axb4 12. Nxb6 Rxa3 13. Bxb8 Nxc5 14. dxc5 Bxc5 15. Na4 Be7 16. Be5 Bd7 17. Rxa3 bxa3 18. Nc3 Qa5 19. Bd3 Bb4 20. 0-0 Bxc3 21. Bxh7+ Kxh7 22. Qd3+ f5 23. Bxc3 Qb5 24. Ng5+ Kg6 25. Qd4 Rf6 26. Nf3 Kf7 27. Qh4 1-0

[Event "Titled Tuesday intern op 16th June"]
[Site "Chess.com INT"]
[Date "2020.06.16"]
[Round "2"]
[White "Gago Padreny, Ignacio"]
[Black "Thipsay, Praveen Mahadeo"]
[Result "0-1"]
[WhiteElo "2289"]
[BlackElo "2376"]
[PlyCount "64"]
[EventDate "2020.06.16"]
[EventType "swiss (blitz)"]
[EventRounds "10"]
[EventCountry "USA"]
[SourceTitle "EXT 2021"]
[Source "ChessBase"]
[SourceDate "2020.10.23"]
[SourceVersion "1"]
[SourceVersionDate "2020.10.23"]
[SourceQuality "1"]

1. d4 Nf6 2. c4 g6 3. Nc3 Bg7 4. e4 d6 5. Nf3 0-0 6. Be2 e5 7. 0-0 Nc6 8. d5 Ne7 9. b4 a5 10. Ba3 axb4 11. Bxb4 b6 12. a4 Re8 13. a5 c5 14. dxc6 Nxc6 15. Bxd6 Rxa5 16. Rb1 Nd4 17. Bb4 Ra8 18. Re1 Bb7 19. Bd3 Nd7 20. Nd5 Bc6 21. Bd6 Ba4 22. Qd2 Nxf3+ 23. gxf3 Rc8 24. Bf1 Qh4 25. Nxb6 Nxb6 26. Rxb6 Bh6 27. Qa2 Bf4 28. h3 Bd7 29. c5 Bxh3 30. Rb7 Be6 31. Bc4 Qh3 32. Bf1 Qh2# 0-1

[Event "Titled Tuesday intern op 16th June"]
[Site "Chess.com INT"]
[Date "2020.06.16"]
[Round "10"]
[White "Golubev, Mikhail"]
[Black "Thipsay, Praveen Mahadeo"]
[Result "1/2-1/2"]
[WhiteElo "2461"]
[BlackElo "2376"]
[PlyCount "57"]
[EventDate "2020.06.16"]
[EventType "swiss (blitz)"]
[EventRounds "10"]
[EventCountry "USA"]
[SourceTitle "EXT 2021"]
[Source "ChessBase"]
[SourceDate "2020.10.23"]
[SourceVersion "1"]
[SourceVersionDate "2020.10.23"]
[SourceQuality "1"]

1. e4 e5 2. Nf3 Nc6 3. Nc3 Nf6 4. d4 exd4 5. Nxd4 Bb4 6. Nxc6 bxc6 7. Bd3 d5 8. Bd2 Bxc3 9. Bxc3 dxe4 10. Bxf6 Qxf6 11. Bxe4 0-0 12. 0-0 Qxb2 13. Rb1 Qf6 14. Qf3 Qxf3 15. Bxf3 Be6 16. Rb7 Bd5 17. Rxc7 Rfc8 18. Rxc8+ Rxc8 19. Bxd5 cxd5 20. Rb1 g6 21. Rb2 d4 22. Kf1 Rc3 23. Ke2 Ra3 24. Kd2 Kg7 25. Rb4 d3 26. Rb2 dxc2 27. Rxc2 h5 28. Kc1 Ra5 29. Kb2 1/2-1/2

[Event "Titled Tuesday intern op 16th June"]
[Site "Chess.com INT"]
[Date "2020.06.16"]
[Round "5"]
[White "Thipsay, Praveen Mahadeo"]
[Black "Willow, Jonah B"]
[Result "1-0"]
[WhiteElo "2376"]
[BlackElo "2386"]
[PlyCount "120"]
[EventDate "2020.06.16"]
[EventType "swiss (blitz)"]
[EventRounds "10"]
[EventCountry "USA"]
[SourceTitle "EXT 2021"]
[Source "ChessBase"]
[SourceDate "2020.10.23"]
[SourceVersion "1"]
[SourceVersionDate "2020.10.23"]
[SourceQuality "1"]

1. e4 c5 2. Nf3 Nc6 3. d4 cxd4 4. Nxd4 g6 5. Nc3 Bg7 6. Be3 Nf6 7. Nb3 0-0 8. Be2 d6 9. 0-0 Na5 10. f4 Be6 11. f5 Bc4 12. Nxa5 Bxe2 13. Qxe2 Qxa5 14. Bd4 Rfe8 15. Rad1 Rac8 16. a3 a6 17. Kh1 b5 18. Nd5 Nxd5 19. exd5 Qc7 20. c3 Qc4 21. Qf3 f6 22. fxg6 hxg6 23. Qe4 e5 24. dxe6 f5 25. Qb7 Rc7 26. Qxa6 Bxd4 27. cxd4 Qxe6 28. Qxb5 Rce7 29. h3 Qe4 30. Qb4 Qd5 31. Rd3 Re2 32. Qb3 Qxb3 33. Rxb3 Kf7 34. a4 Rd2 35. a5 Ree2 36. Rg1 Rxd4 37. Ra3 Rxb2 38. a6 Rb8 39. a7 Ra8 40. Rb1 Re4 41. Rb7+ Re7 42. Rxe7+ Kxe7 43. Kg1 Kd7 44. Kf2 Kc6 45. Ke3 Kb6 46. Kd4 Kc6 47. Ra1 Kd7 48. Kd5 Kc7 49. Ra2 Kd7 50. Ra6 Kc7 51. g3 g5 52. h4 gxh4 53. gxh4 Kb7 54. Ra1 Kc7 55. h5 Kd7 56. h6 f4 57. h7 f3 58. h8Q Rxh8 59. a8Q Rxa8 60. Rxa8 f2 1-0

[Event "Titled Tuesday intern op 9th June"]
[Site "Chess.com INT"]
[Date "2020.06.09"]
[Round "5"]
[White "Demin, Vladimir"]
[Black "Thipsay, Praveen Mahadeo"]
[Result "1/2-1/2"]
[WhiteElo "2430"]
[BlackElo "2376"]
[PlyCount "105"]
[EventDate "2020.06.09"]
[EventType "swiss (blitz)"]
[EventRounds "10"]
[EventCountry "USA"]
[SourceTitle "CBM 196 Extra"]
[Source "ChessBase"]
[SourceDate "2020.07.31"]
[SourceVersion "1"]
[SourceVersionDate "2020.07.31"]
[SourceQuality "1"]

1. e4 e5 2. Nf3 Nc6 3. Bb5 a6 4. Bxc6 dxc6 5. 0-0 Bg4 6. h3 h5 7. d3 Qf6 8. Nbd2 Ne7 9. Nc4 Bxf3 10. Qxf3 Qxf3 11. gxf3 Ng6 12. Rd1 0-0-0 13. Kf1 Be7 14. Ke2 Bf6 15. Be3 Nf8 16. a4 Ne6 17. c3 g6 18. b4 b6 19. Nd2 Kb7 20. Nb3 Rd7 21. Rd2 Ng5 22. Rh1 Rhd8 23. d4 Ne6 24. dxe5 Bxe5 25. Rxd7 Rxd7 26. c4 Nf4+ 27. Bxf4 Bxf4 28. Rd1 Kc8 29. Nd4 Rd6 30. c5 bxc5 31. bxc5 Rf6 32. Nc2 Re6 33. Nd4 Rf6 34. Nc2 Be5 35. Ke3 g5 36. Nb4 Bf4+ 37. Ke2 a5 38. Nd3 Bh2 39. Rh1 Bf4 40. Rg1 Rg6 41. Nxf4 gxf4 42. Rxg6 fxg6 43. Kd3 Kd7 44. Kd4 Ke6 45. Kc4 Ke5 46. Kd3 g5 47. Kc4 Ke6 48. Kd4 Kf6 49. Kc4 Ke5 50. Kd3 Ke6 51. Kd4 Kf6 52. Kd3 Ke6 53. Kd4 1/2-1/2

[Event "Titled Tuesday intern op 9th June"]
[Site "Chess.com INT"]
[Date "2020.06.09"]
[Round "4"]
[White "Garcia Fuentes, Sergio Miguel"]
[Black "Thipsay, Praveen Mahadeo"]
[Result "0-1"]
[WhiteElo "2134"]
[BlackElo "2376"]
[PlyCount "36"]
[EventDate "2020.06.09"]
[EventType "swiss (blitz)"]
[EventRounds "10"]
[EventCountry "USA"]
[SourceTitle "CBM 196 Extra"]
[Source "ChessBase"]
[SourceDate "2020.07.31"]
[SourceVersion "1"]
[SourceVersionDate "2020.07.31"]
[SourceQuality "1"]

1. d4 Nf6 2. Nf3 g6 3. g3 Bg7 4. b3 0-0 5. Bb2 d6 6. Bg2 e5 7. dxe5 Nfd7 8. Nbd2 dxe5 9. Qc1 Nc6 10. 0-0 Re8 11. e3 e4 12. Ne1 f5 13. Bxg7 Kxg7 14. Qb2+ Qf6 15. Qxf6+ Nxf6 16. Bh1 Ne5 17. Ng2 Rd8 18. Rfd1 Rxd2 0-1